| 000 | 00429nam a2200181Ia 4500 | ||
|---|---|---|---|
| 001 | 399 | ||
| 003 | PK-LaUMT | ||
| 005 | 20260514120948.0 | ||
| 008 | 140311s9999 xx 000 0 und d | ||
| 040 | _cPK-LaUMT | ||
| 082 |
_a220 _bHOL |
||
| 245 | _aHoly Bible : New international version | ||
| 260 |
_aUSA: _bAmerican Bible Society, _c1978. |
||
| 300 | _a946 p. | ||
| 546 | _aEN | ||
| 650 |
_aBible, Holy _911667 |
||
| 942 |
_cBK _2ddc |
||
| 999 |
_c500 _d500 |
||